Geografía de Tierra del Fuego (Record no. 13375)
[ view plain ]
| 000 -LEADER | |
|---|---|
| campo de control de longitud fija | 01316nam a2200385 a 4500 |
| 003 - IDENTIFICADOR DE NÚMERO DE CONTROL | |
| campo de control | AR-BaBNM |
| 005 - FECHA Y HORA DE LA ÚLTIMA TRANSACCIÓN | |
| campo de control | 20260510163949.0 |
| 008 - DATOS DE LONGITUD FIJA--INFORMACIÓN GENERAL | |
| campo de control de longitud fija | 128019s1995 ||||||||||||||000 | spa|| |
| 040 ## - FUENTE DE CATALOGACIÓN | |
| Centro/agencia transcriptor | AR-BaBNM |
| 100 1# - ENTRADA PRINCIPAL--NOMBRE DE PERSONA | |
| Nombre de persona | Bondel, Conrado Santiago |
| 245 10 - MENCIÓN DEL TÍTULO | |
| Título | Geografía de Tierra del Fuego |
| Resto del título | guía docente para su enseñanza |
| 250 ## - MENCION DE EDICION | |
| Mención de edición | 2ª ed. aum. y corr. |
| 260 ## - PUBLICACIÓN, DISTRIBUCIÓN, ETC. | |
| Lugar de publicación, distribución, etc. | Ushuaia |
| Nombre del editor, distribuidor, etc. | Ministerio de Educación y Cultura de la Provincia de Tierra del Fuego, Antártida e Islas del Atlántico Sur |
| Fecha de publicación, distribución, etc. | 1995 |
| 300 0# - DESCRIPCIÓN FÍSICA | |
| Extensión | 165 p. |
| Otras características físicas | tablas, mapas, gráfs. |
| 336 ## - TIPO DE CONTENIDO | |
| Término de tipo de contenido | Texto |
| 337 ## - TIPO DE MEDIO | |
| Nombre/término del tipo de medio | Sin mediación |
| 386 ## - CARACTERÍSTICAS DEL CREADOR/COLABORADOR | |
| Término para el creador/colaborador | Autores fueguinos |
| 500 0# - NOTA GENERAL | |
| Nota general | Contiene cartografía desplegable correspondiente a la topografía e hidrografía de Tierra del Fuego |
| 504 ## - NOTA DE BIBLIOGRAFÍA, ETC. | |
| Nota de bibliografía, etc. Nota | Bibliografía para consultar p. 158-159 |
| 650 #4 - PUNTO DE ACCESO ADICIONAL DE MATERIA--TÉRMINO DE MATERIA | |
| Término de materia o nombre geográfico como elemento de entrada | ENSENANZA DE LA HISTORIA |
| 650 #4 - PUNTO DE ACCESO ADICIONAL DE MATERIA--TÉRMINO DE MATERIA | |
| Término de materia o nombre geográfico como elemento de entrada | ENSENANZA DE LA GEOGRAFIA |
| 650 #4 - PUNTO DE ACCESO ADICIONAL DE MATERIA--TÉRMINO DE MATERIA | |
| Término de materia o nombre geográfico como elemento de entrada | ESTUDIOS SOCIALES |
| 650 #4 - PUNTO DE ACCESO ADICIONAL DE MATERIA--TÉRMINO DE MATERIA | |
| Término de materia o nombre geográfico como elemento de entrada | CIENCIAS SOCIALES |
| 650 #4 - PUNTO DE ACCESO ADICIONAL DE MATERIA--TÉRMINO DE MATERIA | |
| Término de materia o nombre geográfico como elemento de entrada | DATOS GEOGRAFICOS |
| 650 #4 - PUNTO DE ACCESO ADICIONAL DE MATERIA--TÉRMINO DE MATERIA | |
| Término de materia o nombre geográfico como elemento de entrada | INVESTIGACION GEOGRAFICA |
| 650 #4 - PUNTO DE ACCESO ADICIONAL DE MATERIA--TÉRMINO DE MATERIA | |
| Término de materia o nombre geográfico como elemento de entrada | HISTORIA PROVINCIAL ARGENTINA |
| 650 #4 - PUNTO DE ACCESO ADICIONAL DE MATERIA--TÉRMINO DE MATERIA | |
| Término de materia o nombre geográfico como elemento de entrada | HISTORIA FUEGUINA |
| 650 #4 - PUNTO DE ACCESO ADICIONAL DE MATERIA--TÉRMINO DE MATERIA | |
| Término de materia o nombre geográfico como elemento de entrada | GEOGRAFIA ECONOMICA |
| 650 #4 - PUNTO DE ACCESO ADICIONAL DE MATERIA--TÉRMINO DE MATERIA | |
| Término de materia o nombre geográfico como elemento de entrada | COMUNICACION |
| 651 #4 - PUNTO DE ACCESO ADICIONAL DE MATERIA--NOMBRE GEOGRÁFICO | |
| Nombre geográfico | Tierra del Fuego |
| 653 #0 - TÉRMINO DE INDIZACIÓN--NO CONTROLADO | |
| Término no controlado | EDUCACION SECUNDARIA |
| 700 1# - ENTRADA AGREGADA--NOMBRE PERSONAL | |
| Nombre de persona | Font, Silvia |
| Término indicativo de función/relación | colaborador |
| 942 ## - ELEMENTOS DE ENTRADA SECUNDARIOS (KOHA) | |
| Tipo de ítem Koha | Libros |
| Fuente del sistema de clasificación o colocación | CDD - Clasificación Decimal Dewwey |
| 998 ## - INFORMACIÓN DE CONTROL LOCAL (RLIN) | |
| Catalogador responsable | César Muñoz |
| Estatus retirado | Estado de pérdida | Fuente del sistema de clasificación o colocación | Estado de daño | No para préstamo | Biblioteca de origen | Biblioteca actual | Fecha de adquisición | Total de préstamos | Signatura topográfica completa | Código de barras | Visto por última vez | Precio de reemplazo | Tipo de ítem Koha | Restricciones de uso |
|---|---|---|---|---|---|---|---|---|---|---|---|---|---|---|
| Clasificación Decimal Dewey | Liberty | Liberty | 28/11/2025 | 372.891 BON | 114380 | 28/11/2025 | 28/11/2025 | Libros | ||||||
| Clasificación Decimal Dewey | Liberty | Liberty | 28/11/2025 | 372.891 BON | 114379 | 28/11/2025 | 28/11/2025 | Libros | ||||||
| Clasificación Decimal Dewey | No para préstamo | Liberty | Liberty | 28/11/2025 | 372.891 BON | 114368 | 28/11/2025 | 28/11/2025 | Libros | Acceso restringido |